| 000 | 00420nam a2200181Ia 4500 | ||
|---|---|---|---|
| 005 | 20240823012032.0 | ||
| 008 | 240823s9999||||xx |||||||||||||| ||und|| | ||
| 082 | _A368 P2 | ||
| 100 | _a"Holyoake,Julia" | ||
| 245 | 0 | _aInsurance | |
| 250 | _a4th | ||
| 260 |
_c2002 _b"AITBS,New Delhi" |
||
| 500 | _aYES | ||
| 650 |
_aManagement _bManagement Studies |
||
| 700 | _a" Weipers,Bill" | ||
| 942 | _cBK | ||
| 999 |
_c163244 _d163244 |
||